|
|
|
|
| LEADER |
00742nam a2200217Ia 4500 |
| 008 |
240829s9999 xx 000 0 und d |
| 020 |
|
|
|a 968-18-6604-5
|
| 040 |
|
|
|a BIBLIOTECA-RUSB/ 720.9 F612
|
| 041 |
|
|
|a spa
|
| 082 |
|
|
|a 720.9 F612
|
| 100 |
1 |
|
|a Fletcher
|
| 245 |
1 |
0 |
|a Historia de la arquitectura, el Islam Africa, América y Asia precoloniales : volumen 3
|
| 260 |
|
|
|a México
|b Limusa
|c 2005
|
| 300 |
|
|
|a 252 p. :il.
|
| 650 |
7 |
|
|a ARQUITECTURA - HISTORIA
|
| 650 |
7 |
|
|b PROCESOS TECNICAS DE COSNTRUCCION
|
| 650 |
7 |
|
|c DESARROLLO DE ARQUITECTURA - AFRICA AMERICA LATINA ORIENTE MEDIO SUBCONTINENTE INDIO SURESTE ASIATICO Y EL ISLAM
|
| 650 |
7 |
|
|d HISTORIA DEL ARTE - HISTORIA DEL HOMBRE
|
| 942 |
|
|
|c BK
|2 ddc
|
| 991 |
|
|
|a TEXTO
|
| 999 |
|
|
|c 5060
|